书目信息 |
| 题名: |
点睛配饰
|
|
| 作者: | 赵艺峰 著 | |
| 分册: | ||
| 出版信息: | 沈阳 辽宁科学技术出版社 2006 |
|
| 页数: | 111页 | |
| 开本: | 19×21cm | |
| 丛书名: | 我型我秀系列 | |
| 单 册: | ||
| 中图分类: | TS941.11 | |
| 科图分类: | ||
| 主题词: | 女性--nu^ xing--服饰美学 | |
| 电子资源: | ||
| ISBN: | 7-5381-4669-5 | |
| 000 | 00825nam 2200241 45 | |
| 001 | 04679786 | |
| 005 | 20081008094920.82 | |
| 010 | @a7-5381-4669-5@dCNY25.00 | |
| 100 | @a20060829d2006 em y0chiy0120 ea | |
| 101 | 0 | @achi |
| 102 | @aCN@b210000 | |
| 105 | @ay z 000yy | |
| 200 | 1 | @a点睛配饰@Adian jing pei shi@f赵艺峰著 |
| 210 | @a沈阳@c辽宁科学技术出版社@d2006 | |
| 215 | @a111页@c图, 彩照@d19×21cm | |
| 225 | 2 | @a我型我秀系列@Awo xing wo xiu xi lie |
| 330 | @a本书分为三部分,第一部分论述了正确佩带配饰的重要性;第二部分则介绍了配饰的种类,包括:香水、围巾、胸饰、腕饰、鞋饰等等;第三部分详细讲解了佩戴配饰的诀窍与策略。 | |
| 410 | 0 | @12001 @a我型我秀系列 |
| 606 | 0 | @a女性@Anu^ xing@x服饰美学 |
| 690 | @aTS941.11@v4 | |
| 701 | 0 | @a赵艺峰@Azhao yi feng@4著 |
| 801 | 0 | @aCN@c20081008 |
| 905 | @dTS941.11@eZ340 | |
| 点睛配饰/赵艺峰著.-沈阳:辽宁科学技术出版社,2006 |
| 111页:图, 彩照;19×21cm.-(我型我秀系列) |
| ISBN 7-5381-4669-5:CNY25.00 |
| 本书分为三部分,第一部分论述了正确佩带配饰的重要性;第二部分则介绍了配饰的种类,包括:香水、围巾、胸饰、腕饰、鞋饰等等;第三部分详细讲解了佩戴配饰的诀窍与策略。 |
| ● |
| 相关链接 |
|
|
|
正题名:点睛配饰
索取号:TS941.11/Z340
 
预约/预借
| 序号 | 登录号 | 条形码 | 馆藏地/架位号 | 状态 | 备注 |
| 1 | 840927 | 208409275 | 自科库501/501自科库 73排1列2层/ [索取号:TS941.11/Z340] | 在馆 | |
| 2 | 840928 | 208409284 | 自科库501/501自科库 73排1列2层/ [索取号:TS941.11/Z340] | 在馆 | |
| 3 | 840929 | 208409293 | 自科库501/501自科库 73排1列2层/ [索取号:TS941.11/Z340] | 在馆 |